[Event "Catalunya-chB"]
[Site "Spain"]
[Date "1996.10.13"]
[Round "2"]
[White "Daude Tena, Jaume"]
[Black "Lino Telmo, Jordi"]
[Result "0-1"]
[WhiteElo "1785"]
[BlackElo "1780"]
[PlyCount "90"]
[EventDate "1997.??.??"]
[EventType "swiss"]
[EventRounds "8"]
[EventCountry "ESP"]
[SourceTitle "EXT 2003"]
[Source "ChessBase"]
[SourceDate "2002.11.25"]
[SourceVersion "1"]
[SourceVersionDate "2002.11.25"]
[SourceQuality "1"]

1. d4 d5 2. c4 e6 3. Nc3 Nf6 4. cxd5 exd5 5. Nf3 Bb4 6. Bg5 0-0 7. e3 Nbd7 8. Qc2 c5 9. dxc5 Nxc5 10. a3 Bxc3+ 11. bxc3 Qd6 12. Bxf6 Qxf6 13. Be2 Bf5 14. Qb2 Ne4 15. Rc1 Rac8 16. Nd4 a6 17. Nxf5 Qxf5 18. 0-0 Qf6 19. Bf3 Nxc3 20. Qd2 Rfd8 21. Qd4 Qxf3 22. gxf3 Ne2+ 23. Kg2 Nxd4 24. exd4 Rc4 25. Rcd1 Rdc8 26. Rfe1 Kf8 27. Re5 Rd8 28. h4 f6 29. Re3 b5 30. Rb3 h6 31. Rbb1 Rb8 32. Rbc1 a5 33. Kg3 Rbc8 34. Rb1 b4 35. axb4 axb4 36. Rb3 Ra8 37. Rdd3 Kf7 38. Rb1 Ra3 39. Rbb3 Rxb3 40. Rxb3 Rxd4 41. f4 f5 42. h5 Rc4 43. Kg2 Rxf4 44. Kg3 Rc4 45. Rd3 Rc3 0-1